Why Do Some Nudges Work and Others Not?
Salvato in:
| Autore principale: | |
|---|---|
| Altri autori: | , |
| Natura: | Capitolo di libro |
| Lingua: | inglese |
| Soggetti: | |
| Tags: |
Nessun Tag, puoi essere il primo ad aggiungerne!!
|
MARC
| LEADER | 00000naa a2200000 4500 | ||
|---|---|---|---|
| 001 | 0308799 | ||
| 005 | 20251014134236.0 | ||
| 041 | 0 | |a eng | |
| 044 | |a NL | ||
| 245 | 1 | 0 | |a Why Do Some Nudges Work and Others Not? |c Matej Lorko, Tomáš Miklánek, Maroš Servátka |
| 610 | 2 | 0 | |a dane |
| 610 | 2 | 0 | |a experimenty |
| 610 | 2 | 0 | |a stimuly ekonomické |
| 610 | 2 | 0 | |a ekonómia behaviorálna |
| 610 | 2 | 0 | |a rozhodovanie |
| 610 | 2 | 0 | |a intervencie |
| 100 | 1 | |a Lorko, Matej, 1987- | |
| 700 | 1 | |a Miklánek, Tomáš | |
| 700 | 1 | |a Servátka, Maroš, 1976- | |